000
00288nam a2200121 a 4500
005
20140414132112.0
008
110805s19uu xx 00 eng d
050
_a
TR
_b
Po81 1979
100
_a
Asch, Frank
245
_a
Popcorn.
260
_a
New York :
_b
Trumper,
_c
1979.
999
_c
114794
_d
114794